Catalog

Record Details

Catalog Search



Sleeping with bread : holding what gives you life  Cover Image Book Book

Sleeping with bread : holding what gives you life / Dennis Linn, Sheila Fabricant Linn, Matthew Linn ; illustrations by Francisco Miranda

Linn, Dennis (Author). Linn, Sheila Fabricant (Author). Linn, Matthew (Author). Miranda, Francisco (Illustrator).

Record details

  • ISBN: 978-0-8091-3579-0
  • Physical Description: iv, 73 s. : il.
  • Publisher: Mahwah/New York : Paulist Press, 1995
Subject: Život křesťanský - prožívání každodenní

Available copies

  • 1 of 1 copy available at Common Catalog SPOK.

Holds

  • 0 current holds with 1 total copy.
Show Only Available Copies
Location Call Number / Copy Notes Barcode Shelving Location Status Due Date
Jabok Library PT-8.2/L 424480046621 Odborná literatura Available -

LDR 00795nam a2200241 4500
00158093
003CZ-PrJAB
00520130821125350.0
007ta
008110104s1995 xxu|||||||||||||| ||eng||
020 . ‡a978-0-8091-3579-0
035 . ‡a(CZ PrSKC)001260000148711
040 . ‡aBOE451 ‡bcze
1001 . ‡aLinn, Dennis ‡4aut
24510. ‡aSleeping with bread : ‡bholding what gives you life / ‡cDennis Linn, Sheila Fabricant Linn, Matthew Linn ; illustrations by Francisco Miranda
260 . ‡aMahwah/New York : ‡bPaulist Press, ‡c1995
300 . ‡aiv, 73 s. : ‡bil.
650 4. ‡aŽivot křesťanský - prožívání každodenní
6530 . ‡akřesťanská víra
7001 . ‡aLinn, Sheila Fabricant ‡4aut
7001 . ‡aLinn, Matthew ‡4aut
7001 . ‡aMiranda, Francisco ‡4ill
910 . ‡aBOE451 ‡x001260000148711 ‡wl
901 . ‡a58093 ‡bAUTOGEN ‡c58093 ‡tbiblio

Additional Resources